000 01018cam a22003137a 4500
003 CHAP
005 20220329133555.0
008 971013s1993 r 00010 d
010 _a8064
011 _a9036
035 _a8270
040 _cCHAP
090 _aTesis
100 0 0 _aOjeda Barraza, José Ramón.
_982893
245 0 _aManejo y uso del estiercol bovino producido en la cuenca lechera de Tizayuca, Hidalgo
260 _aChapingo, Méx. :
_bEl autor,
_c1993
300 _a63 h.
502 _aTesis (Ing. Agr. Esp. en Zonas Aridas) -- UACH. Departamento de Zonas Aridas
590 _aALEPH
_b10
_c20130110
_lUCH01
_h1221
590 _aBATCH-UPD
_b10
_c20130110
_lUCH01
_h0937
590 _aBATCH-UPD
_b10
_c20130410
_lUCH01
_h0555
590 _aBATCH-UPD
_b10
_c20130914
_lUCH01
_h1326
590 _aCONVERSION
_b10
_c20130109
_lUCH01
_h1305
650 1 4 _aEstiércol de vaca.
_938326
650 1 4 _aGranjas lecheras.
_950407
901 _aBK
942 _cTESIS
949 _bBC
_cTES
_d-18442
_eTS1
_h26023
_i8270
_si
999 _c8064
_d8064